<?xml version="1.0" encoding="UTF-8"?>
<record
    xmlns:xsi="http://www.w3.org/2001/XMLSchema-instance"
    xsi:schemaLocation="http://www.loc.gov/MARC21/slim http://www.loc.gov/standards/marcxml/schema/MARC21slim.xsd"
    xmlns="http://www.loc.gov/MARC21/slim">

  <leader>01516nam0a22003491  4500</leader>
  <controlfield tag="001">RU\NLR\BIBL_A\022489023</controlfield>
  <controlfield tag="005">20260406075931.0</controlfield>
  <datafield tag="035" ind1=" " ind2=" ">
    <subfield code="a">(NLR Aleph) 022489023</subfield>
  </datafield>
  <datafield tag="090" ind1=" " ind2=" ">
    <subfield code="a">13380623</subfield>
    <subfield code="c">13380623</subfield>
  </datafield>
  <datafield tag="100" ind1=" " ind2=" ">
    <subfield code="a">20250310d1941    b  y0rusy50      ca</subfield>
  </datafield>
  <datafield tag="101" ind1="0" ind2=" ">
    <subfield code="a">bel</subfield>
  </datafield>
  <datafield tag="102" ind1=" " ind2=" ">
    <subfield code="a">BY</subfield>
  </datafield>
  <datafield tag="105" ind1=" " ind2=" ">
    <subfield code="a">a   z   000gy</subfield>
  </datafield>
  <datafield tag="181" ind1=" " ind2="0">
    <subfield code="a">i3</subfield>
    <subfield code="b">axxe  </subfield>
  </datafield>
  <datafield tag="182" ind1=" " ind2="0">
    <subfield code="a">n</subfield>
  </datafield>
  <datafield tag="200" ind1="1" ind2=" ">
    <subfield code="a">&#x411;&#x430;&#x440;&#x430;&#x43D;&#x430;&#x45E; &#x412;&#x430;&#x441;&#x456;&#x43B;&#x44C;</subfield>
    <subfield code="e">[&#x43F;&#x430;&#x44D;&#x43C;&#x430;</subfield>
    <subfield code="e">&#x434;&#x43B;&#x44F; &#x43C;&#x430;&#x43B;&#x43E;&#x434;&#x448;&#x430;&#x433;&#x430; &#x45E;&#x437;&#x440;&#x43E;&#x441;&#x442;&#x443;]</subfield>
    <subfield code="f">&#x410;. &#x41A;&#x443;&#x43B;&#x44F;&#x448;&#x43E;&#x45E;</subfield>
    <subfield code="g">&#x43C;&#x430;&#x441;&#x442;&#x430;&#x43A;: &#x410;. &#x412;&#x43E;&#x43B;&#x43A;&#x430;&#x45E;</subfield>
  </datafield>
  <datafield tag="203" ind1=" " ind2=" ">
    <subfield code="a">&#x422;&#x435;&#x43A;&#x441;&#x442;</subfield>
    <subfield code="b">&#x432;&#x438;&#x437;&#x443;&#x430;&#x43B;&#x44C;&#x43D;&#x44B;&#x439;</subfield>
    <subfield code="c">&#x43D;&#x435;&#x43F;&#x43E;&#x441;&#x440;&#x435;&#x434;&#x441;&#x442;&#x432;&#x435;&#x43D;&#x43D;&#x44B;&#x439;</subfield>
  </datafield>
  <datafield tag="210" ind1=" " ind2=" ">
    <subfield code="a">&#x41C;&#x456;&#x43D;&#x441;&#x43A;</subfield>
    <subfield code="c">&#x414;&#x437;&#x44F;&#x440;&#x436;&#x430;&#x45E;&#x43D;&#x430;&#x435; &#x432;&#x44B;&#x434;-&#x432;&#x430; &#x43F;&#x440;&#x44B; &#x421;&#x41D;&#x41A; &#x411;&#x421;&#x421;&#x420;, &#x420;&#x44D;&#x434;&#x430;&#x43A;&#x446;&#x44B;&#x44F; &#x434;&#x437;&#x456;&#x446;&#x44F;&#x447;&#x430;&#x439; &#x43B;&#x456;&#x442;&#x430;&#x440;&#x430;&#x442;&#x443;&#x440;&#x44B;</subfield>
    <subfield code="d">1941</subfield>
  </datafield>
  <datafield tag="215" ind1=" " ind2=" ">
    <subfield code="a">20 &#x441;.</subfield>
    <subfield code="c">&#x438;&#x43B;.</subfield>
    <subfield code="d">21</subfield>
  </datafield>
  <datafield tag="517" ind1="1" ind2=" ">
    <subfield code="6">z20790</subfield>
    <subfield code="a">&#x411;&#x430;&#x440;&#x430;&#x43D;&#x43E;&#x432; &#x412;&#x430;&#x441;&#x438;&#x43B;&#x438;&#x439;</subfield>
  </datafield>
  <datafield tag="700" ind1=" " ind2="1">
    <subfield code="8">bel</subfield>
    <subfield code="7">ca</subfield>
    <subfield code="a">&#x41A;&#x443;&#x43B;&#x44F;&#x448;&#x43E;&#x40E;</subfield>
    <subfield code="b">&#x410;. &#x410;.</subfield>
    <subfield code="f">1914-1978</subfield>
    <subfield code="g">&#x410;&#x440;&#x43A;&#x430;&#x434;&#x437;&#x44C; &#x410;&#x43B;&#x44F;&#x43A;&#x441;&#x430;&#x43D;&#x434;&#x440;&#x430;&#x432;i&#x447;</subfield>
    <subfield code="3">RU\NLR\AUTH\77126987</subfield>
    <subfield code="9">109911</subfield>
  </datafield>
  <datafield tag="702" ind1=" " ind2="1">
    <subfield code="4">040</subfield>
    <subfield code="7">ca</subfield>
    <subfield code="8">rus</subfield>
    <subfield code="a">&#x412;&#x43E;&#x43B;&#x43A;&#x43E;&#x432;</subfield>
    <subfield code="b">&#x410;. &#x412;.</subfield>
    <subfield code="c">&#x445;&#x443;&#x434;&#x43E;&#x436;&#x43D;&#x438;&#x43A;</subfield>
    <subfield code="f">1908-1985</subfield>
    <subfield code="g">&#x410;&#x43D;&#x430;&#x442;&#x43E;&#x43B;&#x438;&#x439; &#x412;&#x430;&#x43B;&#x435;&#x43D;&#x442;&#x438;&#x43D;&#x43E;&#x432;&#x438;&#x447;</subfield>
    <subfield code="3">RU\NLR\AUTH\770184747</subfield>
    <subfield code="9">184696</subfield>
  </datafield>
  <datafield tag="790" ind1=" " ind2="1">
    <subfield code="8">rus</subfield>
    <subfield code="7">ca</subfield>
    <subfield code="a">&#x41A;&#x443;&#x43B;&#x435;&#x448;&#x43E;&#x432;</subfield>
    <subfield code="b">&#x410;. &#x410;.</subfield>
    <subfield code="f">1914-1978</subfield>
    <subfield code="g">&#x410;&#x440;&#x43A;&#x430;&#x434;&#x438;&#x439; &#x410;&#x43B;&#x435;&#x43A;&#x441;&#x430;&#x43D;&#x434;&#x440;&#x43E;&#x432;&#x438;&#x447;</subfield>
    <subfield code="3">RU\NLR\AUTH\77126993</subfield>
    <subfield code="9">109917</subfield>
  </datafield>
  <datafield tag="852" ind1=" " ind2=" ">
    <subfield code="a">NLR</subfield>
    <subfield code="j">&#x414;&#x43B;02 &#x413;-3/79</subfield>
  </datafield>
  <datafield tag="899" ind1=" " ind2=" ">
    <subfield code="a">&#x41D;&#x411; &#x411;&#x435;&#x43B;&#x430;&#x440;&#x443;&#x441;&#x438;</subfield>
  </datafield>
  <datafield tag="942" ind1=" " ind2=" ">
    <subfield code="c">BOOK</subfield>
  </datafield>
  <datafield tag="945" ind1=" " ind2=" ">
    <subfield code="a">&#x420;&#x43E;&#x441;&#x441;&#x438;&#x439;&#x441;&#x43A;&#x430;&#x44F; &#x43D;&#x430;&#x446;&#x438;&#x43E;&#x43D;&#x430;&#x43B;&#x44C;&#x43D;&#x430;&#x44F; &#x431;&#x438;&#x431;&#x43B;&#x438;&#x43E;&#x442;&#x435;&#x43A;&#x430;</subfield>
  </datafield>
  <datafield tag="980" ind1=" " ind2=" ">
    <subfield code="a">BV</subfield>
  </datafield>
  <datafield tag="980" ind1=" " ind2=" ">
    <subfield code="a">BEL</subfield>
  </datafield>
  <datafield tag="980" ind1=" " ind2=" ">
    <subfield code="a">NB</subfield>
  </datafield>
</record>
